[Event "Berliner Sommer"]
[Site "Berlin"]
[Date "1997.??.??"]
[Round "4"]
[White "Reschke, Thomas"]
[Black "Genba, Vladimir"]
[Result "0-1"]
[WhiteElo "2210"]
[BlackElo "2415"]

1.c4 e5 2.g3 c6 3.d4 d6 4.Nc3 Nf6 5.Bg2 Nbd7 6.e4 Be7 7.Nge2 O-O 8.O-O a6
9.a4 a5 10.h3 Re8 11.f4 exd4 12.Nxd4 Bf8 13.g4 Nc5 14.Qc2 Qb6 15.Be3 g6 16.Rae1 Bg7
17.Nf3 Qb4 18.Na2 Qxa4 19.Qxa4 Nxa4 20.b3 Nb2 21.e5 dxe5 22.Nxe5 a4 23.Bd4 axb3
24.Nb4 Ra4 25.Bxb2 Rxb4 26.g5 Nh5 27.Nxc6 Rxe1 28.Rxe1 Bxb2 29.Nxb4 Bf5 30.Nd5 Bc2
31.Kh2 h6 32.gxh6 Kh7 33.Be4 f5 34.Bf3 Kxh6 35.Bd1 Ba3 36.Rf1 Bd3 37.Rf3 b2
38.Nc3 Be4 39.Nb1 Bxf3 40.Bxf3 Bd6 41.Bxb7 Nxf4 42.Kg3 g5 43.Ba6 Kg6 44.Bb5 Kf6
45.Ba4 Ke5 46.Bc2 Bb4 47.Kh2 Nh5 48.Kg2 Nf6 49.Kf3 Ne4 50.Bd3 Kd4 51.Bc2 Kxc4
52.Ke3 Bc5+ 53.Ke2 Kd4 54.Kf3 Ke5 55.Ba4 Bb4 56.Bc2 Nf6 57.Bd3 Ne8 58.Bc2 Nd6
59.Bd3 Kf6 60.Kg3 Kg6 61.Kf3 Kh5 62.Kg3 Ne4+ 63.Kg2 Kh4 64.Bc2 Nd6 65.Bd3 f4
66.Kh2 f3 67.Ba6 g4 68.hxg4 Kxg4 69.Kg1 Kg3 70.Bd3 Nf7 71.Kf1 Ne5  0-1

[Event "Berliner Sommer"]
[Site "Berlin"]
[Date "1997.??.??"]
[Round "5"]
[White "Heinbuch, Detlef"]
[Black "Zagorskis, Darius"]
[Result "0-1"]
[WhiteElo "2360"]
[BlackElo "2485"]

1.c4 e5 2.g3 c6 3.a3 d5 4.cxd5 cxd5 5.d4 e4 6.Nc3 Nc6 7.Bg2 Be7 8.f3 f5 9.Nh3 Nf6
10.Bg5 Be6 11.Nf4 Bf7 12.e3 O-O 13.O-O Na5 14.Rf2 Nc4 15.Qe1 h6 16.Bxf6 Bxf6
17.Bf1 g5 18.Ng2 Rc8 19.fxe4 fxe4 20.b3 Na5 21.Rb1 Be6 22.Na4 b6 23.Qd1 Kg7
24.Ne1 Be7 25.Rxf8 Qxf8 26.b4 Nc4 27.Bxc4 Rxc4 28.Rc1 Rxc1 29.Qxc1 Bh3  0-1

[Event "Berliner Sommer"]
[Site "Berlin"]
[Date "1997.??.??"]
[Round "6"]
[White "Hickl, Joerg"]
[Black "Tischbierek, Raj"]
[Result "1/2-1/2"]
[WhiteElo "2565"]
[BlackElo "2515"]

1.g3 e5 2.c4 c6 3.d4 exd4 4.Qxd4 d5 5.Nf3 Nf6 6.Nc3 Be7 7.cxd5 cxd5 8.Bg2 Nc6
9.Qa4 O-O 10.O-O Be6 11.Be3 a6 12.Nd4 Qd7 13.Nxc6 bxc6 14.Rad1 Rab8 15.Bc1 Qc8
16.Qc2 Rd8 17.b3 Bh3 18.Bg5 Bxg2 19.Kxg2 Qe6 20.Na4 Rbc8 21.Bxf6 Qxf6 22.Rd2 Bb4
23.Rd3 Re8 24.Rf3 Qg6 25.Rc1 c5 26.Qxg6 hxg6 27.Kf1 f6 28.Rd3 d4 29.Rc2 g5
30.Rd1 Kf7 31.h3 Rh8 32.Kg2 Rhe8 33.Kf3 Rh8 34.Rc4 a5 35.Rdc1 Rxh3 36.Nxc5 f5
37.Nd3 Re8 38.Rxd4 g4+ 39.Kg2 Reh8 40.e3 Rh2+ 41.Kf1 Rh1+ 42.Ke2 Rxc1 43.Nxc1 Rh1
44.Nd3 Ra1 45.a4 Bc3 46.Rc4 Ra2+ 47.Kf1 Bd2 48.Rc7+ Kf6 49.Rc6+ Ke7 50.Rc4 g5
51.Rc5 Ke6 52.Re5+ Kf6 53.e4 fxe4 54.Rxe4 Ra3 55.Ke2 Bc3 56.Nc5 Kf5 57.Rc4 Bb4
58.Rc2 Kf6 59.Ke3 Bxc5+ 60.Rxc5 Rxb3+  1/2-1/2

[Event "Berliner Sommer"]
[Site "Berlin"]
[Date "1997.??.??"]
[Round "7"]
[White "Heinbuch, Detlef"]
[Black "Dvoirys, Semen I"]
[Result "1/2-1/2"]
[WhiteElo "2360"]
[BlackElo "2615"]

1.c4 e5 2.g3 Nc6 3.Bg2 g6 4.Nc3 Bg7 5.e4 Nge7 6.Nge2 O-O 7.d3 d6 8.O-O f5
9.Rb1 a5 10.a3 Bd7 11.b4 axb4 12.axb4 f4 13.f3 g5 14.b5 Na5 15.Nd5 Nc8 16.Bd2 c6
17.Ndc3 Be6 18.bxc6 bxc6 19.Qc2 Rf7 20.Kh1 Rfa7 21.Be1 Ra6 22.Ng1 Qd7 23.Bf2 Nb7
24.Rb2 Nc5 25.Rfb1 Bf8 26.Bf1 Qf7 27.gxf4 Qxf4 28.Nce2 Qf6 29.d4 Nd7 30.d5 Bf7
31.Ng3 Nc5 32.Nf5 Ne7 33.Nxe7+ Bxe7  1/2-1/2

[Event "Berliner Sommer"]
[Site "Berlin"]
[Date "1997.??.??"]
[Round "9"]
[White "Heinbuch, Detlef"]
[Black "Medunova, Vera"]
[Result "1-0"]
[WhiteElo "2360"]
[BlackElo "2190"]

1.c4 e5 2.g3 d5 3.cxd5 Qxd5 4.Nf3 Nd7 5.Nc3 Qa5 6.Bg2 Be7 7.O-O Ngf6 8.d3 O-O
9.a3 c6 10.Qc2 Re8 11.Bd2 Qd8 12.b4 Bf8 13.Rfd1 Qe7 14.e4 Nb6 15.h3 g6 16.Na2 Bg7
17.Nc1 Bd7 18.Be3 Nc8 19.Nb3 b6 20.Rac1 Rd8 21.d4 Ne8 22.Nxe5 Bxe5 23.dxe5 Qxe5
24.Rxd7  1-0

[Event "Mermaid Beach Club"]
[Site "Bermuda"]
[Date "1997.??.??"]
[Round "5"]
[White "Bezold, Michael"]
[Black "Hodgson, Julian M"]
[Result "0-1"]
[WhiteElo "2500"]
[BlackElo "2560"]

1.g3 e5 2.c4 Nc6 3.Bg2 Nf6 4.Nc3 Bc5 5.d3 d6 6.Nf3 h6 7.a3 a6 8.e3 O-O 9.O-O Ba7
10.b4 Be6 11.Qc2 Qd7 12.Bb2 Bh3 13.Nd5 Nxd5 14.cxd5 Bxg2 15.Kxg2 Ne7 16.Qc4 Rac8
17.Rac1 Qb5 18.e4 f5 19.Nd2 Kh7 20.Rc2 Qd7 21.exf5 Nxf5 22.Qe4 Kg8 23.Nf3 Rce8
24.h3 Rf7 25.Re2 Ref8 26.Qg4 Qb5 27.Qc4 Ne7 28.Qxb5 axb5 29.Ne1 Nxd5 30.Nc2 Rf3
31.Ne1 R3f6 32.Nc2 Rg6 33.Kh2 Rf3 34.Ne1 Rgxg3 35.Nxf3 Rxf3 36.d4 Bxd4 37.Bxd4 exd4
38.Re8+ Kh7 39.Re4 Ne3 40.Rc1 Rxf2+ 41.Kg1 Rg2+ 42.Kh1 Rc2 43.Rg1 Nf5 44.Rf4 g6
45.Rfg4 g5  0-1

[Event "Biel op MTO"]
[Site "Biel"]
[Date "1997.??.??"]
[Round "2"]
[White "Markowski, Tomasz"]
[Black "Gurieli, Nino"]
[Result "1-0"]
[WhiteElo "2515"]
[BlackElo "2370"]

1.g3 e5 2.c4 Nf6 3.Bg2 c6 4.d4 Bb4+ 5.Bd2 Bxd2+ 6.Qxd2 exd4 7.Qxd4 O-O 8.Nc3 Re8
9.O-O-O d5 10.cxd5 cxd5 11.Nxd5 Nxd5 12.Bxd5 Qc7+ 13.Qc4 Nc6 14.Nf3 Qe7 15.Nd4 Nxd4
16.Qxd4 Bf5 17.e4 Rac8+ 18.Kb1 Bxe4+ 19.Bxe4 Qxe4+ 20.Qxe4 Rxe4 21.Rd7 Rb8
22.Rc1 g5 23.Rc5 Re1+ 24.Kc2 Re2+ 25.Rd2 Rxd2+ 26.Kxd2 h6 27.Rc7 Kg7 28.a4 a5
29.Rc5 b6 30.Rd5 Kf6 31.Kd3 Ke6 32.Kd4 f6 33.g4 Rc8 34.Rb5 Rc6 35.b3 Rd6+
36.Ke4 Rc6 37.f4 gxf4 38.Kxf4 Rd6 39.Ke4 Rc6 40.h3 Kd6 41.Kf5 Kc7 42.h4 Rd6
43.b4 axb4 44.Rxb4 Kd7 45.Kg6 Ke7 46.Kxh6 Kf7 47.Rf4 Rd8 48.Kh7 Ke6 49.Kg7 f5
50.gxf5+ Ke5 51.Rf1 Rd4 52.f6 Rg4+ 53.Kf8 Rxh4 54.f7 Rxa4 55.Kg7 Ra8 56.Rb1  1-0

[Event "Biel op MTO"]
[Site "Biel"]
[Date "1997.??.??"]
[Round "7"]
[White "Markowski, Tomasz"]
[Black "Seul, Georg"]
[Result "1/2-1/2"]
[WhiteElo "2515"]
[BlackElo "2425"]

1.g3 e5 2.c4 d6 3.Bg2 f5 4.Nc3 Nf6 5.d3 Be7 6.e3 O-O 7.Nge2 c6 8.O-O Be6
9.f4 Na6 10.b3 Qd7 11.Qd2 Rae8 12.Bb2 Bd8 13.h3 Bf7 14.Kh2 Bb6 15.Rae1 exf4
16.Nxf4 Qd8 17.e4 fxe4 18.Nxe4 Nxe4 19.Bxe4 Ba5 20.Bc3 Bxc3 21.Qxc3 Nc5 22.Bg2 Rxe1
23.Rxe1 Re8 24.d4 Ne6 25.Nxe6 Rxe6 26.Rxe6 Bxe6 27.Qb4 Qc7 28.d5 cxd5 29.Qa4 Qb8
30.cxd5 Bf5 31.a3 h6 32.h4 b6 33.b4 Kh7 34.Bf3 Qc7 35.Qc6 Qe7 36.Qc3 Bg6
37.Kg1 Bf5 38.Kf2 g5 39.g4 Bb1 40.Qb2 Bd3 41.Qd4 Bb1 42.h5 Kg8 43.Qc3 Kf7
44.Qc8 Qe5 45.Qd7+ Qe7  1/2-1/2

[Event "Bled op18th"]
[Site "Bled"]
[Date "1997.??.??"]
[Round "1"]
[White "Schaller, Sven"]
[Black "Kurajica, Bojan"]
[Result "1/2-1/2"]
[WhiteElo "2280"]
[BlackElo "2545"]

1.c4 e5 2.g3 Nc6 3.Bg2 f5 4.e3 Nf6 5.Nc3 g6 6.Nge2 Bg7 7.O-O O-O 8.Rb1 Ne7
9.Nd5 Nexd5 10.cxd5 c6 11.Nc3 Kh8 12.b4 e4 13.Qb3 d6 14.dxc6 bxc6 15.b5 cxb5
16.Qxb5 a5 17.Qc6 Ba6 18.Nb5 Qd7 19.Qxd7 Nxd7 20.Rd1 Rab8 21.Bf1 Rfc8 22.Ba3 Bxb5
23.Rxb5 Rxb5 24.Bxb5 Nc5 25.Rc1 Rb8 26.Bxc5 dxc5 27.Rxc5 Bf8 28.Rd5 Bb4 29.a4 Rb6
30.Kg2 Rd6 31.Rxd6 Bxd6 32.f3 Bb4 33.d3  1/2-1/2

[Event "Bled op18th"]
[Site "Bled"]
[Date "1997.??.??"]
[Round "9"]
[White "Stohl, Igor"]
[Black "Mikhalchishin, Adrian"]
[Result "1/2-1/2"]
[WhiteElo "2580"]
[BlackElo "2515"]

1.c4 e5 2.g3 Nf6 3.Bg2 d5 4.cxd5 Nxd5 5.Nf3 Nc6 6.O-O Nb6 7.b3 Be7 8.Bb2 f6
9.d3 O-O 10.Nbd2 Be6 11.a3 Qd7 12.Qc2 a5 13.Rfd1 Rfd8 14.Nc4 Qe8 15.Nfd2  1/2-1/2

[Event "Brugge op"]
[Site "Brugge"]
[Date "1997.??.??"]
[Round "3"]
[White "Vakhidov, Tahir"]
[Black "Van Dijk, Bram"]
[Result "1/2-1/2"]
[WhiteElo "2470"]
[BlackElo "2245"]

1.c4 e5 2.g3 Nc6 3.Bg2 Bc5 4.e3 d6 5.Nc3 Bf5 6.d3 Nge7 7.Nge2 O-O 8.a3 a5
9.O-O Qd7 10.b3 Bh3 11.d4 Bxg2 12.Kxg2 Ba7 13.dxe5 Nxe5 14.Bb2 Qf5 15.Nf4 Rad8
16.Qe2 N7g6 17.Rad1 Rfe8 18.Nxg6 hxg6 19.Rd5 c6 20.e4 Qd7 21.Rd2 g5 22.Na4 Qe6
23.Rfd1 Ng4 24.Bd4 Bxd4 25.Rxd4 Nf6 26.Nc3 Qe5 27.h3 Qc5 28.Qb2 g4 29.h4 Qe5
30.Qc2 Qc5 31.Qc1 Re6 32.Qb2 Rde8 33.b4  1/2-1/2

[Event "Budapest FS05 IM"]
[Site "Budapest"]
[Date "1997.??.??"]
[Round "1"]
[White "Karatorossian, David"]
[Black "Velcheva, Maria"]
[Result "1-0"]
[WhiteElo "2235"]
[BlackElo "2285"]

1.c4 e5 2.g3 Nf6 3.Bg2 g6 4.b3 Bg7 5.Bb2 d6 6.Nc3 c6 7.d4 O-O 8.e3 exd4 9.Qxd4 d5
10.cxd5 Nxd5 11.Qd2 Nb4 12.Rd1 Qxd2+ 13.Rxd2 Bf5 14.e4 Be6 15.Nge2 Nd7 16.a3 Na6
17.Nf4 Ndc5 18.b4 Nb3 19.Rd1 Bc4 20.Bf1 Bxf1 21.Kxf1 Rfd8 22.Ke2 Nd4+ 23.Kd3 Nb5+
24.Kc2 Bxc3 25.Bxc3 Nxa3+ 26.Kb3 Nb5 27.Bf6 Re8 28.f3 Nac7 29.h4 h6 30.Rd7 a5
31.bxa5 Rxa5 32.Ra1 Rxa1 33.Bxa1 Na6 34.Kc4 Na3+ 35.Kc3 b5 36.Ra7 b4+ 37.Kb3 Nc5+
38.Kxb4 Nb5 39.Ra2 Nd7 40.Nd3 Rb8 41.Kc4 Kf8 42.Ne5 Nd6+ 43.Kd3 Nc5+ 44.Ke2 Rc8
45.Ra7 Ncb7 46.Nd7+ Ke7 47.Nc5 Rc7 48.Be5 Nxc5 49.Rxc7+ Nd7 50.Bxd6+ Kxd6
51.Rc8 Ne5 52.h5 Ke7 53.f4 Ng4 54.hxg6 fxg6 55.Rxc6 Kf7 56.Kf3 h5 57.e5 Nh6
58.Ke4 Kg7 59.Rc7+ Kf8 60.e6 Nf5 61.Rf7+  1-0

[Event "Honved-B"]
[Site "Budapest"]
[Date "1997.??.??"]
[Round "3"]
[White "Ruck, Robert"]
[Black "Izsak, Gyula"]
[Result "1/2-1/2"]
[WhiteElo "2450"]
[BlackElo "2400"]

1.g3 e5 2.c4 Nc6 3.Bg2 g6 4.Nc3 Bg7 5.e3 d6 6.Nge2 Nge7 7.d3 O-O 8.O-O Bd7
9.Bd2 Qc8 10.Nd5 Nxd5 11.cxd5 Ne7 12.Rc1 c6 13.d4 Bh3 14.dxc6 Bxg2 15.Kxg2 exd4
16.Nxd4 bxc6 17.Qf3 Qa6 18.Nxc6 Nxc6 19.Qxc6 Qxa2 20.Bc3 Bxc3 21.Qxc3 Rab8
22.Rc2 Qd5+ 23.Kg1 Rb3 24.Rd2 Rxc3 25.Rxd5 Rc6 26.Ra1 Rb8 27.Rxa7 Rxb2 28.Rd4 g5
29.Ra5 h6 30.h4 Rc5 31.Rxc5 dxc5 32.Rd8+ Kg7 33.hxg5 hxg5 34.Rd5 Kg6 35.Rxc5 Rb1+
36.Kg2 g4 37.Rc8 f5 38.Rg8+ Kf7 39.Rh8 Kg6 40.Rh1 Rb2 41.Rd1 Kf6 42.Kf1 Ke5
43.Rd4 Ra2 44.Rf4 Ra1+ 45.Kg2 Re1 46.f3 Rxe3 47.fxg4 fxg4 48.Rxg4 Kf5 49.Rf4+ Kg5  1/2-1/2

[Event "Budapest FS12 IM-A"]
[Site "Budapest"]
[Date "1997.??.??"]
[Round "4"]
[White "Karatorossian, David"]
[Black "Azahari, Md Nor"]
[Result "1-0"]
[WhiteElo "2335"]
[BlackElo "2110"]

1.c4 e5 2.g3 Nf6 3.Bg2 d6 4.Nc3 Nc6 5.Nf3 Be7 6.O-O O-O 7.d4 exd4 8.Nxd4 Ne5
9.b3 c6 10.h3 d5 11.cxd5 Nxd5 12.Nxd5 cxd5 13.Bb2 Bf6 14.Qd2 Be6 15.Kh2 Nc6
16.Rfd1 Qb6 17.Nxc6 bxc6 18.Bxf6 gxf6 19.Qf4 Kg7 20.Rac1 Rac8 21.Rc3 Rfd8
22.Rf3 f5 23.h4 f6 24.Bh3 Qc7 25.Bxf5 Qxf4 26.Rxf4 Bxf5 27.Rxf5 Rd6 28.Kg2 Re8
29.Kf3 Kf7 30.Rf4 Ke6 31.Ra4 Re7 32.e4 Ke5 33.exd5 cxd5 34.Re1+  1-0

[Event "Budapest FS06 GM"]
[Site "Budapest"]
[Date "1997.??.??"]
[Round "5"]
[White "Csom, Istvan"]
[Black "Krizsany, Laszlo"]
[Result "1/2-1/2"]
[WhiteElo "2460"]
[BlackElo "2435"]

1.c4 e5 2.g3 c6 3.d4 Bb4+ 4.Bd2 Bxd2+ 5.Qxd2 d6 6.Nc3 Nf6 7.Bg2 O-O 8.Nf3 e4
9.Ng5 d5 10.cxd5 cxd5 11.f3 h6 12.Nh3 exf3 13.exf3 Re8+ 14.Kf2 Bxh3 15.Bxh3 Nc6  1/2-1/2

[Event "Budapest"]
[Site "Budapest"]
[Date "1997.??.??"]
[Round "7"]
[White "Karatorossian, David"]
[Black "Murzin, Lenar"]
[Result "1-0"]
[WhiteElo "2235"]
[BlackElo "2320"]

1.c4 e5 2.g3 Nf6 3.Bg2 Nc6 4.Nc3 Bb4 5.Nd5 a5 6.a3 Bc5 7.d3 O-O 8.Nf3 h6
9.O-O d6 10.Bd2 Be6 11.e4 Nh7 12.b4 Ba7 13.Bc3 Bg4 14.h3 Bxf3 15.Bxf3 Bd4
16.Bxd4 Nxd4 17.b5 c6 18.bxc6 bxc6 19.Ne3 Rb8 20.Nf5 Nxf5 21.exf5 Qc7 22.Qa4 Rfc8
23.Rab1 Rxb1 24.Rxb1 Nf6 25.Qb3 Qd7 26.g4 d5 27.Qb7 Rc7 28.Qa8+ Rc8 29.Rb8 Rxb8
30.Qxb8+ Qe8 31.Qxe8+ Nxe8 32.cxd5 c5 33.Bd1 Kf8 34.Ba4 Nd6 35.Kf1 Ke7 36.Ke2 Kf6
37.h4 e4 38.dxe4 Nxe4 39.Ke3 Nc3 40.Bb3 Ke5 41.d6 Kxd6 42.Bxf7 a4 43.f4 Nb5
44.Be8 Nxa3 45.Kd3 c4+ 46.Kc3 Kc5 47.Bxa4 Nb1+ 48.Kc2 Na3+ 49.Kc1 c3 50.g5 Kd6
51.f6  1-0

[Event "Budapest FS12 GM"]
[Site "Budapest"]
[Date "1997.??.??"]
[Round "8"]
[White "Almasi, Istvan"]
[Black "Tomescu, Vlad"]
[Result "1/2-1/2"]
[WhiteElo "2430"]
[BlackElo "2410"]

1.c4 e5 2.g3 Nc6 3.Bg2 Nf6 4.Nc3 Bc5 5.e3 d5 6.Nxd5 Nxd5 7.Bxd5 Nb4 8.Be4 Nd3+
9.Bxd3 Qxd3 10.Qe2 Qg6 11.d4 Bb4+ 12.Bd2 Bxd2+ 13.Qxd2 Qc6 14.f3 exd4 15.Qxd4 O-O
16.Kf2 Be6 17.Ne2  1/2-1/2

[Event "Budapest FS12 IM-B"]
[Site "Budapest"]
[Date "1997.??.??"]
[Round "9"]
[White "Pihlajasalo, Antti"]
[Black "Zemerov, Vladimir"]
[Result "1-0"]
[WhiteElo "2245"]
[BlackElo "2325"]

1.c4 e5 2.g3 Nc6 3.Bg2 f5 4.Nc3 Nf6 5.e3 d5 6.Nxd5 Nxd5 7.cxd5 Nb4 8.d3 Nxd5
9.Nf3 Bb4+ 10.Bd2 Bxd2+ 11.Qxd2 Qd6 12.O-O O-O 13.d4 e4 14.Ne5 Be6 15.Rac1 c6
16.Qa5 Rfc8 17.Qc5 Qd8 18.Qa3 a5 19.b3 Nb4 20.Qb2 Qe7 21.a3 Nd5 22.Rc5 Nf6
23.Rfc1 Nd5 24.Qd2 Qd8 25.Qc2 h5 26.Qe2 Nf6 27.Bh3 Qe8 28.Nc4 Rd8 29.Bxf5 Bxc4
30.Qxc4+ Rd5 31.Rxd5 Nxd5 32.Qc2 Nf6 33.Qc5 g6 34.Qd6 Kg7 35.Be6 Rd8 36.Qc7+ Kh8
37.Rc5  1-0

[Event "Honved-B"]
[Site "Budapest"]
[Date "1997.??.??"]
[Round "9"]
[White "Wegerer, Fred"]
[Black "Ruck, Robert"]
[Result "0-1"]
[WhiteElo "2320"]
[BlackElo "2450"]

1.c4 e5 2.g3 Nf6 3.Bg2 d5 4.cxd5 Nxd5 5.Nc3 Nb6 6.Nf3 Nc6 7.O-O Be7 8.d3 O-O
9.Be3 Re8 10.Rc1 Bf8 11.Na4 Nd4 12.Nc5 Bxc5 13.Rxc5 Qd6 14.b4 c6 15.a3 Bg4
16.Nxd4 exd4 17.Bf4 Qe6 18.Re1 Qa2 19.f3 Be6 20.Bc1 Rad8 21.Qd2 Qb3 22.Kf2 f6
23.f4 Bf7 24.Bf3 Qe6 25.f5 Qd7 26.Qf4 Bd5 27.g4 Bxf3 28.Qxf3 Nd5 29.Bf4 Re7
30.Rc4 Nb6 31.Rc2 Rde8 32.b5 Nd5 33.bxc6 bxc6 34.Rc4 h5 35.h3 Ne3 36.Bxe3 Rxe3
37.Qxc6 Qe7 38.Qd5+ Kh7 39.Rc2 Rxd3 40.Qe6 Qxe6 41.fxe6 Rxh3 42.Rd1 Rxe6
43.Rxd4 Rxa3 44.Rd7 Re5 45.Rcc7 Rg5 46.gxh5 a5 47.Ra7 Kh6 48.Re7 Rh3 49.e4 Rhxh5
50.Kf3 Rh3+ 51.Kf4 Rgg3 52.Kf5 Rh4 53.Rec7 Rg5+ 54.Ke6 Rxe4+ 55.Kf7 Kh5 56.Rc1 Re3
57.Rd7 f5 58.Rd4 Re4 59.Rd5 a4 60.Ra5 g6 61.Kf6 Rg3 62.Rh1+ Rh4 63.Rf1 Rb3
64.Ra6 Rhb4 65.Rh1+ Kg4 66.Rg1+ Rg3 67.Rf1 g5 68.Rxf5 Rf4 69.Rxf4+ gxf4 70.Rxa4 Re3
71.Rb4 Kg3 72.Kf5 f3 73.Rg4+ Kh3 74.Rf4 Ra3 75.Ke4 Kg3 76.Rf8 f2 77.Rg8+ Kh2  0-1

[Event "Najdorf op"]
[Site "Buenos Aires"]
[Date "1997.??.??"]
[Round "6"]
[White "Idigoras, Alejandro"]
[Black "Slipak, Sergio"]
[Result "0-1"]
[WhiteElo "2250"]
[BlackElo "2505"]

1.c4 e5 2.g3 d6 3.Bg2 f5 4.Nc3 Nf6 5.d4 Be7 6.e3 c6 7.Nge2 O-O 8.b3 Na6 9.O-O e4
10.d5 c5 11.f3 exf3 12.Bxf3 Nc7 13.a4 Nd7 14.Bg2 Ne5 15.Nf4 Bf6 16.Bb2 Ng4
17.Re1 Re8 18.Qd2 Rxe3 19.Rxe3 Nxe3 20.Re1 Nxg2 21.Kxg2 Bd7 22.Nh5 Be5 23.Nb5 Nxb5
24.axb5 g6 25.Bxe5 dxe5 26.Rxe5 gxh5 27.d6 Qf6 28.Qd5+ Kh8 29.Re7 Rd8 30.Qxc5 f4
31.Qf2 h4 32.Qf3 hxg3 33.Qf2  0-1

[Event "Bunratty Masters op"]
[Site "Bunratty"]
[Date "1997.??.??"]
[Round "5"]
[White "King, Daniel J"]
[Black "Rowson, Jonathan"]
[Result "1-0"]
[WhiteElo "2535"]
[BlackElo "2445"]

1.g3 e5 2.c4 d6 3.Bg2 f5 4.d4 Be7 5.Nc3 Nf6 6.dxe5 dxe5 7.Qxd8+ Bxd8 8.b3 Nbd7
9.Bb2 O-O 10.Nf3 e4 11.Nd4 Ne5 12.Rd1 Bd7 13.O-O Nc6 14.Nc2 Be6 15.f3 exf3
16.exf3 f4 17.Nd5 fxg3 18.hxg3 a5 19.a3 Bf7 20.Nce3 Nxd5 21.cxd5 Ne7 22.f4 Ra6
23.Nc4 a4 24.b4 c6 25.Ne3 cxd5 26.Nxd5 Nf5 27.Kf2 g5 28.Be5 gxf4 29.Bxf4 Rg6
30.Bf3 Nxg3 31.Bxg3 Bxd5 32.Rxd5 Bb6+ 33.Rc5 Rf5 34.Rc1 Rgf6 35.Rc3 Bxc5+
36.bxc5 Rd5 37.Ke3 Re6+ 38.Be4 Rd7 39.Bd6 b6 40.c6 Rexd6 41.cxd7 Rxd7 42.Rc4  1-0

[Event "Cannes op 18th"]
[Site "Cannes"]
[Date "1997.??.??"]
[Round "3"]
[White "Mednis, Edmar John"]
[Black "Hamdouchi, Hichem"]
[Result "1/2-1/2"]
[WhiteElo "2400"]
[BlackElo "2520"]

1.c4 e5 2.g3 Nf6 3.Bg2 d6 4.Nc3 Be7 5.Nf3 O-O 6.d4 Nbd7 7.O-O c6 8.e4 a6
9.Re1 b5 10.cxb5 axb5 11.b3 Re8 12.Bb2 Bf8 13.Qc2 Bb7 14.Rad1 Ra5 15.a4 bxa4
16.Nxa4 Qb8 17.dxe5 dxe5 18.Nd2 Ba6 19.Bc3 Bb4 20.Bf1 Bxf1 21.Rxf1 Bxc3 22.Qxc3 Rb5
23.Rc1 Nf8 24.Qxc6 Ne6 25.Nc3 Nd4 26.Qa6 Rb6 27.Qa2 Rc6 28.Kg2 Rec8 29.Qb2 h5
30.Rfd1 Qb7 31.b4 h4 32.b5 Rc5 33.f3 Kh7 34.g4 Nxb5 35.Na4 Rxc1 36.Rxc1 Rxc1
37.Qxc1 Nd4 38.Nc3 Qa6 39.Qf1 Qa5 40.Ncb1 Ne6 41.h3 Qc5 42.Nc4 Nf4+ 43.Kh2 Kg8
44.Nbd2 Nh7 45.Qe1 Ng5 46.Qxh4 Nfxh3 47.Qe1 Qc6 48.Kg3 Qf6 49.Qe3 Qe6 50.Qb6 Qxb6
51.Nxb6 Nf4  1/2-1/2

[Event "Cannes op-B 18th"]
[Site "Cannes"]
[Date "1997.??.??"]
[Round "6"]
[White "Fucak, Emilijo"]
[Black "Kuntz, Pierre"]
[Result "1-0"]
[WhiteElo "2310"]
[BlackElo "2215"]

1.c4 e5 2.g3 g6 3.Bg2 Bg7 4.Nc3 Ne7 5.d3 c6 6.e4 d6 7.Be3 a6 8.Qd2 b5 9.Bh6 Bxh6
10.Qxh6 Ng8 11.Qd2 b4 12.Nd1 c5 13.f4 f6 14.Ne3 Nc6 15.Ne2 Nge7 16.O-O O-O
17.f5 g5 18.h4 h6 19.hxg5 hxg5 20.Kf2 Kg7 21.Rh1 Bd7 22.Ng4 Rh8 23.Rxh8 Qxh8
24.Rh1 Qf8 25.Rh6 Ng8 26.Rxf6 Nxf6 27.Qxg5+ Kf7 28.Nxf6 Ra7 29.Bh3 Nb8 30.Bg4 Qh8
31.Bh5+ Kf8 32.Nh7+ Qxh7 33.Qd8+ Kg7 34.f6+ Kh6 35.f7  1-0

[Event "Cannes op 18th"]
[Site "Cannes"]
[Date "1997.??.??"]
[Round "6"]
[White "Markowski, Tomasz"]
[Black "Gallagher, Joseph G"]
[Result "1/2-1/2"]
[WhiteElo "2510"]
[BlackElo "2545"]

1.g3 e5 2.c4 d6 3.Bg2 g6 4.Nc3 Bg7 5.d3 Nf6 6.e4 O-O 7.Nge2 c6 8.O-O Na6
9.h3 Nc7 10.d4 exd4 11.Nxd4 Ne6 12.Nde2 Re8 13.Qc2 Nc5 14.Re1 Be6 15.Nd1 Bd7
16.Ndc3 Be6 17.Nd1 Bd7 18.Ndc3  1/2-1/2

[Event "Cappelle op"]
[Site "Cappelle la Grande"]
[Date "1997.??.??"]
[Round "6"]
[White "Makarov, Marat"]
[Black "Raetsky, Alexander"]
[Result "1/2-1/2"]
[WhiteElo "2545"]
[BlackElo "2440"]

1.c4 e5 2.g3 c6 3.d4 Bb4+ 4.Nc3 d6 5.Nf3 Nd7 6.Bg2 Ngf6 7.O-O O-O 8.Qc2 Re8
9.a3 Ba5 10.dxe5 dxe5 11.b4 Bc7 12.Rd1 Qe7 13.e4 a5 14.Rb1 axb4 15.axb4 Nf8
16.Be3 Ne6 17.h3 Rd8 18.c5 Rxd1+ 19.Rxd1 h6 20.Qb2  1/2-1/2

[Event "Ceske Budejovice op"]
[Site "Ceske Budejovice"]
[Date "1997.??.??"]
[Round "3"]
[White "Vokac, Marek"]
[Black "Lacina, Adolf"]
[Result "1-0"]
[WhiteElo "2480"]
[BlackElo "2210"]

1.c4 e5 2.g3 Nf6 3.Bg2 d5 4.cxd5 Nxd5 5.Nc3 Nb6 6.Nf3 Nc6 7.O-O Be7 8.a3 O-O
9.b4 Re8 10.d3 Bf8 11.Bb2 Nd4 12.Nd2 c6 13.e3 Ne6 14.Nb3 Nc7 15.Na5 Ncd5
16.Ne2 Rb8 17.e4 Nf6 18.Qc2 Nbd7 19.Nb3 b6 20.d4 Bb7 21.Rfe1 c5 22.dxe5 Ng4
23.e6 Rxe6 24.Nf4 Re8 25.Rad1 Qe7 26.h3 Nge5 27.Nd5 Qd8 28.f4 Nc6 29.Qd2 Qc8
30.Kh2 Ne7 31.Ne3 Rd8 32.Nc4 Nc6 33.b5 Nf6 34.Qe2 Nd4 35.Nxd4 cxd4 36.Bxd4 Nxe4
37.Be5 Nc5 38.Rxd8 Qxd8 39.Bxb8 Qxb8 40.Qe8 Qc7 41.Bxb7 Nxb7 42.Qc6  1-0

[Event "Chemnitz op"]
[Site "Chemnitz"]
[Date "1997.??.??"]
[Round "8"]
[White "Arbakov, Valentin"]
[Black "Schaller, Sven"]
[Result "1/2-1/2"]
[WhiteElo "2475"]
[BlackElo "2315"]

1.c4 e5 2.g3 Nc6 3.Bg2 g6 4.Nc3 Bg7 5.Rb1 a5 6.a3 Nf6 7.d3 h6 8.b4 axb4 9.axb4 d6
10.b5 Nd4 11.Nf3 O-O 12.O-O Bg4 13.e3 Nxf3+ 14.Bxf3 h5 15.Bxg4 hxg4 16.f3 gxf3
17.Qxf3 Qc8 18.Bd2 c6 19.e4 Qg4 20.Qxg4 Nxg4 21.bxc6 bxc6 22.Rb6 Rfc8 23.h3 Bh6
24.Bxh6 Nxh6 25.Kf2 Ra3 26.Rc1 Rc7 27.Ke3 f5 28.Kd2 Kg7 29.Rf1 Raa7 30.Ke3 Ra3
31.Rc1 Nf7 32.Kd2 Ng5 33.exf5 gxf5 34.Rf1 e4 35.Rxf5 Nf3+ 36.Kc2 Nd4+ 37.Kb2 Nxf5
38.Kxa3 exd3 39.Nd1 Nxg3 40.Rb3 Ne4 41.Rxd3 Kf6 42.Kb2 Ke6 43.Nc3 Rb7+ 44.Kc2 Nxc3
45.Kxc3  1/2-1/2

[Event "Chicago op"]
[Site "Chicago"]
[Date "1997.??.??"]
[Round "1"]
[White "Fischer, Robert"]
[Black "Chudnovsky, Jacob"]
[Result "1/2-1/2"]
[WhiteElo "2130"]
[BlackElo "2325"]

1.c4 e5 2.g3 Nc6 3.Bg2 g6 4.Nc3 Bg7 5.Rb1 a5 6.a3 Nf6 7.b4 axb4 8.axb4 O-O
9.b5 Ne7 10.Nf3 d6 11.d3 h6 12.O-O Be6 13.Bb2 Nd7 14.Nd2 c6 15.Ra1 Qc7 16.Qc2 d5
17.Rfc1 Rxa1 18.Rxa1 d4 19.Ncb1 cxb5 20.Ra7 Rb8 21.Na3 bxc4 22.Naxc4 Nc8
23.Ra1 b5 24.Ne3 Qxc2 25.Nxc2 Bf8 26.e3 dxe3 27.fxe3 Ncb6 28.d4 Rc8 29.Ne1 Bb4
30.Rd1 Bg4 31.Bf3 Bxf3 32.Ndxf3 e4 33.Ne5 Nxe5 34.dxe5 Bxe1 35.Rxe1 Rc2 36.Bd4 Nd5
37.Ra1 Nc7 38.Ra7 Ne6 39.Ra8+ Kg7 40.Rb8 Rc4 41.Kf2 Rb4 42.Bc3 Rb3 43.Ba1 b4
44.Bd4 g5 45.g4 Rb1 46.Bc3 b3 47.Kg2 Kg6 48.Rg8+ Kh7 49.Rb8 Nc5 50.Rh8+ Kg6
51.Rg8+ Kh7 52.Rh8+ Kg6 53.Rg8+ Kh7  1/2-1/2

[Event "Chicago op"]
[Site "Chicago"]
[Date "1997.??.??"]
[Round "5"]
[White "Fischer, Robert"]
[Black "Friedman, Josef"]
[Result "1/2-1/2"]
[WhiteElo "2130"]
[BlackElo "2295"]

1.c4 e5 2.g3 Nf6 3.Bg2 Nc6 4.Nc3 Bc5 5.e3 O-O 6.Nge2 Re8 7.O-O Bf8 8.b3 d6
9.d4 Bd7 10.Bb2 Qc8 11.dxe5 dxe5 12.Nd5 Nxd5 13.Qxd5 Bh3 14.Rfd1 Bxg2 15.Kxg2 Qf5
16.Nc3 Rad8 17.Qe4 Qxe4+ 18.Nxe4 f6 19.Kf1 Nb4 20.Ke2 Na6 21.g4 Nc5 22.Nxc5 Bxc5
23.Rd5 Rxd5 24.cxd5 e4 25.Rc1 Bd6 26.h3 Kf7 27.f3 exf3+ 28.Kxf3 Kg6 29.e4 h5
30.gxh5+ Kxh5 31.Rg1 Kh6 32.Bc1+ Kh7 33.Bf4 Bxf4 34.Kxf4 Kg8 35.Rc1 Re7 36.h4 g6
37.Re1 Rd7 38.Rc1 Re7 39.Re1 Kg7 40.e5 fxe5+ 41.Rxe5 Rd7 42.Re6 Rf7+ 43.Ke4 Rd7
44.Kf4 Kh6 45.Re5 a6 46.Kg4 Kg7 47.h5 gxh5+ 48.Rxh5 Kf6 49.Kf4 Rg7 50.Rh6+ Ke7
51.Ke5 Kd7 52.Rh5 b6 53.Rh2 Rg1 54.Rh7+ Kc8 55.Rh2 Rd1 56.Rg2 Kb7 57.Rc2 a5
58.Ke4 Rh1 59.Ke5 Rh4 60.Rd2 Rh5+ 61.Kd4 Rh6 62.Kc4 Ka6 63.a4 Kb7 64.Rg2 Rh1
65.Rg8 Rh4+ 66.Kc3 Rb4 67.Rh8 b5 68.axb5 Rxb5 69.Kc4 Rb4+ 70.Kc3 Kb6 71.Rh6+ Kb7
72.Rh8 Rg4 73.Kd3 Kb6 74.Rh6+ Kb5 75.Rc6 Rg3+ 76.Kc2 Rg7 77.Kc3 Rd7 78.Kb2 Kb4  1/2-1/2

[Event "Capablanca 32th Premier-B"]
[Site "Cienfuegos"]
[Date "1997.??.??"]
[Round "1"]
[White "Perez, Rodney"]
[Black "Galego, Luis"]
[Result "1-0"]
[WhiteElo "2385"]
[BlackElo "2475"]

1.c4 e5 2.g3 Nf6 3.Bg2 Bc5 4.Nc3 O-O 5.e3 Re8 6.Nge2 Nc6 7.O-O e4 8.d3 exd3
9.Nf4 d6 10.Nxd3 Bb6 11.h3 Bf5 12.b3 Ne5 13.Nf4 c6 14.Ba3 Bc5 15.Bxc5 dxc5
16.Qxd8 Raxd8 17.Rfd1 g5 18.Nfe2 g4 19.hxg4 Bxg4 20.Kf1 Nf3 21.Rxd8 Rxd8
22.Rd1 Rxd1+ 23.Nxd1 Ne4 24.Nec3 Neg5 25.Bxf3 Bxf3 26.Nb2 b6 27.Nd3 f6 28.Ne1 Bg4
29.f4 Nf7 30.Nd3 Nd6 31.Kf2 Bf5 32.Ke2 Ne4 33.Nxe4 Bxe4 34.Kd2 Kf7 35.Nf2 Bg2
36.a3 Ke6 37.e4 b5 38.Ke3 Bf1 39.Nd3 Kd6 40.Kd2 Bh3 41.e5+ fxe5 42.fxe5+ Ke7
43.cxb5 cxb5 44.Nxc5 a5 45.Kc3 Bg2 46.Kd4 Bf3 47.b4 axb4 48.axb4 Bg2 49.Nd3 Bf1
50.Nf4 Bc4 51.Ke4 Bf1 52.Kf5 Bc4 53.e6 Kd6 54.Kf6  1-0